<?xml version="1.0" encoding="UTF-8"?>
<record
    xmlns:xsi="http://www.w3.org/2001/XMLSchema-instance"
    xsi:schemaLocation="http://www.loc.gov/MARC21/slim http://www.loc.gov/standards/marcxml/schema/MARC21slim.xsd"
    xmlns="http://www.loc.gov/MARC21/slim">

  <leader>00735nam a2200217Ia 4500</leader>
  <controlfield tag="005">20230202110811.0</controlfield>
  <controlfield tag="008">210716s2013    xx            000 0 und d</controlfield>
  <datafield tag="020" ind1=" " ind2=" ">
    <subfield code="a">9789350043202</subfield>
  </datafield>
  <datafield tag="040" ind1=" " ind2=" ">
    <subfield code="c">AIMIT LIBRARY</subfield>
  </datafield>
  <datafield tag="041" ind1=" " ind2=" ">
    <subfield code="a">eng</subfield>
  </datafield>
  <datafield tag="082" ind1=" " ind2=" ">
    <subfield code="a">658.84 </subfield>
    <subfield code="2">1</subfield>
    <subfield code="b">AMIB</subfield>
  </datafield>
  <datafield tag="100" ind1=" " ind2=" ">
    <subfield code="a">Amin, Bijal Zaveri.</subfield>
    <subfield code="9">70613</subfield>
  </datafield>
  <datafield tag="245" ind1=" " ind2=" ">
    <subfield code="a">Impact of e- marketing on e- buyer behaviour /</subfield>
    <subfield code="c">By Bijal ZAveri Amin</subfield>
  </datafield>
  <datafield tag="250" ind1=" " ind2=" ">
    <subfield code="a">1st ed.</subfield>
  </datafield>
  <datafield tag="260" ind1=" " ind2=" ">
    <subfield code="a">New Delhi :</subfield>
    <subfield code="b">Biztantra ,</subfield>
    <subfield code="c">2013.</subfield>
  </datafield>
  <datafield tag="300" ind1=" " ind2=" ">
    <subfield code="a">xxxii,368p. ;</subfield>
    <subfield code="c">21.5 cm.</subfield>
  </datafield>
  <datafield tag="650" ind1=" " ind2=" ">
    <subfield code="a">E-buyer behaviour in electronic environment </subfield>
    <subfield code="9">70614</subfield>
  </datafield>
  <datafield tag="650" ind1=" " ind2=" ">
    <subfield code="a">E-buying and online customer experience and CRM</subfield>
    <subfield code="9">70615</subfield>
  </datafield>
  <datafield tag="650" ind1=" " ind2=" ">
    <subfield code="a">E-branding: branding in electronic ERA</subfield>
    <subfield code="9">70616</subfield>
  </datafield>
  <datafield tag="942" ind1=" " ind2=" ">
    <subfield code="2">ddc</subfield>
    <subfield code="c">BK</subfield>
    <subfield code="e">1st</subfield>
    <subfield code="k">658.84 AMIB</subfield>
  </datafield>
  <datafield tag="999" ind1=" " ind2=" ">
    <subfield code="c">195680</subfield>
    <subfield code="d">195680</subfield>
  </datafield>
  <datafield tag="952" ind1=" " ind2=" ">
    <subfield code="0">0</subfield>
    <subfield code="1">0</subfield>
    <subfield code="2">ddc</subfield>
    <subfield code="4">0</subfield>
    <subfield code="7">0</subfield>
    <subfield code="8">MCA</subfield>
    <subfield code="a">AIMIT</subfield>
    <subfield code="b">AIMIT</subfield>
    <subfield code="e">Knowledge World</subfield>
    <subfield code="g">449.00</subfield>
    <subfield code="i">Bill no:182; Bill dt:2016-01-13</subfield>
    <subfield code="l">0</subfield>
    <subfield code="o">658.84 AMIB</subfield>
    <subfield code="p">MCA14406</subfield>
    <subfield code="r">2026-05-23 00:00:00</subfield>
    <subfield code="v">336.75</subfield>
    <subfield code="w">2021-07-16</subfield>
    <subfield code="y">BK</subfield>
  </datafield>
  <datafield tag="952" ind1=" " ind2=" ">
    <subfield code="0">0</subfield>
    <subfield code="1">0</subfield>
    <subfield code="2">ddc</subfield>
    <subfield code="4">0</subfield>
    <subfield code="7">0</subfield>
    <subfield code="8">MCA</subfield>
    <subfield code="a">AIMIT</subfield>
    <subfield code="b">AIMIT</subfield>
    <subfield code="e">Knowledge World</subfield>
    <subfield code="g">449.00</subfield>
    <subfield code="i">Bill no:182;Bill dt:2016-01-13</subfield>
    <subfield code="l">2</subfield>
    <subfield code="o">658.84 AMIB</subfield>
    <subfield code="p">MCA15032</subfield>
    <subfield code="r">2026-05-23 00:00:00</subfield>
    <subfield code="s">2024-04-04</subfield>
    <subfield code="v">336.75</subfield>
    <subfield code="y">BK</subfield>
  </datafield>
  <datafield tag="952" ind1=" " ind2=" ">
    <subfield code="0">0</subfield>
    <subfield code="1">0</subfield>
    <subfield code="2">ddc</subfield>
    <subfield code="4">0</subfield>
    <subfield code="7">0</subfield>
    <subfield code="8">MCA</subfield>
    <subfield code="a">AIMIT</subfield>
    <subfield code="b">AIMIT</subfield>
    <subfield code="d">2017-03-01</subfield>
    <subfield code="e">Knowledge World</subfield>
    <subfield code="g">449.00</subfield>
    <subfield code="i">Bill no:318; Bill dt:2017-02-10</subfield>
    <subfield code="l">0</subfield>
    <subfield code="o">658.84 AMIB</subfield>
    <subfield code="p">MCA15191</subfield>
    <subfield code="r">2025-07-21 00:00:00</subfield>
    <subfield code="v">336.75</subfield>
    <subfield code="w">2021-07-16</subfield>
    <subfield code="y">BK</subfield>
  </datafield>
  <datafield tag="952" ind1=" " ind2=" ">
    <subfield code="0">0</subfield>
    <subfield code="1">0</subfield>
    <subfield code="2">ddc</subfield>
    <subfield code="4">0</subfield>
    <subfield code="7">0</subfield>
    <subfield code="8">MCA</subfield>
    <subfield code="a">AIMIT</subfield>
    <subfield code="b">AIMIT</subfield>
    <subfield code="d">2017-03-01</subfield>
    <subfield code="e">Knowledge World</subfield>
    <subfield code="g">449.00</subfield>
    <subfield code="i">Bill no:318; Bill dt:2017-02-10</subfield>
    <subfield code="l">0</subfield>
    <subfield code="o">658.84 AMIB</subfield>
    <subfield code="p">MCA15192</subfield>
    <subfield code="r">2025-07-21 00:00:00</subfield>
    <subfield code="v">336.75</subfield>
    <subfield code="w">2021-07-16</subfield>
    <subfield code="y">BK</subfield>
  </datafield>
  <datafield tag="952" ind1=" " ind2=" ">
    <subfield code="0">0</subfield>
    <subfield code="1">0</subfield>
    <subfield code="2">ddc</subfield>
    <subfield code="4">0</subfield>
    <subfield code="7">0</subfield>
    <subfield code="8">MBA</subfield>
    <subfield code="a">AIMIT</subfield>
    <subfield code="b">AIMIT</subfield>
    <subfield code="d">2013-12-19</subfield>
    <subfield code="g">449.00</subfield>
    <subfield code="i">Bill no:JTB/1624; Bill dt:2013-1</subfield>
    <subfield code="l">0</subfield>
    <subfield code="o">658.84 AMIB</subfield>
    <subfield code="p">MBA10865</subfield>
    <subfield code="r">2026-05-23 00:00:00</subfield>
    <subfield code="v">336.75</subfield>
    <subfield code="y">BK</subfield>
  </datafield>
</record>
